Flags of SCO Countries - Statistics

General Stats
  • This quiz has been taken 13 times
  • The average score is 10 of 10
Answer Stats
Picture Answer % Correct
China
100%
India
100%
Kazakhstan
100%
Pakistan
100%
Russia
100%
Uzbekistan
100%
Iran
92%
Kyrgyzstan
92%
Belarus
85%
Tajikistan
85%
No matching quizzes found
Score Distribution
Percent of People with Each Score
Percentile by Number Answered
Your Score History
You have not taken this quiz